000 00361pam a2200157a 44500
008 230515b2009 xxu||||| |||| 00| 0 eng d
020 _aNULL
041 _aENGLISH
082 _a617.343/TAW
100 _aTAWRE
245 _aPRACTICAL GD TO ORAL AND MAXILLOFACIAL SURGERY
250 _a1ST
260 _a
_bCBS PUB
_c2009
300 _a224
650 _aNULL
999 _c561286
_d561286